Venture capital & buyouts (Record no. 342754)

000 -LEADER
fixed length control field 00286 a2200121 4500
020 ## - INTERNATIONAL STANDARD BOOK NUMBER
International Standard Book Number 0852974612
090 ## - LOCALLY ASSIGNED LC-TYPE CALL NUMBER (OCLC); LOCAL CALL NUMBER (RLIN)
-- 180
-- 180
100 ## - MAIN ENTRY--PERSONAL NAME
Personal name Brain Coyle
245 ## - TITLE STATEMENT
Title Venture capital & buyouts
260 ## - PUBLICATION, DISTRIBUTION, ETC.
Place of publication, distribution, etc. Canterbury
Name of publisher, distributor, etc. CIB Publishing
Date of publication, distribution, etc. 2000
300 ## - PHYSICAL DESCRIPTION
Extent 140 P
942 ## - ADDED ENTRY ELEMENTS (KOHA)
Institution code [OBSOLETE] NBS
Koha item type Book
Call number prefix 658.15 COY
Holdings
Withdrawn status Lost status Damaged status Not for loan Permanent Location Current Location Date acquired Full call number Barcode Date last seen Price effective from Koha item type
        Central Library (CL) Central Library (CL) 08/28/2013 658.15 COY NBS5562 08/28/2013 08/28/2013 Reference
© 2023 Central Library, National University of Sciences and Technology. All Rights Reserved.